[Event "Hvar Arsenal op"]
[Site "Hvar"]
[Date "2022.10.13"]
[Round "8"]
[White "Lazaneo, Djani Ivan"]
[Black "Arlavi, Sara"]
[Result "1/2-1/2"]
[WhiteElo "1958"]
[BlackElo "1578"]
[PlyCount "114"]
[EventDate "2022.10.08"]
[EventType "swiss"]
[EventRounds "9"]
[EventCountry "CRO"]
[SourceTitle "CBM 210 Extra"]
[Source "ChessBase"]
[SourceDate "2022.11.30"]
[SourceVersion "1"]
[SourceVersionDate "2022.11.30"]
[SourceQuality "1"]

1. Nf3 Nf6 2. c4 c5 3. Nc3 d6 4. e3 g6 5. d4 b6 6. d5 Bg7 7. h3 0-0 8. Be2 Na6 9. 0-0 Bd7 10. e4 Nc7 11. a4 Na6 12. Ne1 Nb4 13. Be3 Qc7 14. Qd2 Rfe8 15. g4 Red8 16. Rd1 a6 17. f4 Bc8 18. g5 Nd7 19. h4 Nb8 20. Bf3 Bb7 21. Bg4 Bc8 22. Bf3 Bb7 23. Qh2 e6 24. h5 exd5 25. cxd5 Re8 26. hxg6 fxg6 27. Rd2 Bxc3 28. bxc3 Nxd5 29. Rxd5 Bxd5 30. exd5 Rxe3 31. Bg4 Qe7 32. Be6+ Rxe6 33. dxe6 Qxe6 34. Ng2 Nc6 35. Re1 Qg4 36. Kh1 Ra7 37. f5 Ne5 38. f6 Qxg5 39. Rf1 Rf7 40. Qh3 Qh5 41. Nh4 Qg4 42. Qh2 Qe4+ 43. Kg1 d5 44. Qh3 Qg4+ 45. Kh2 Qxh3+ 46. Kxh3 Nd7 47. Kg4 Nxf6+ 48. Kh3 Ne4 49. Rb1 Nxc3 50. Rxb6 Nxa4 51. Rxa6 Nc3 52. Kg4 Kg7 53. Nf3 h5+ 54. Kg5 Ne4+ 55. Kh4 Rxf3 56. Ra7+ Kh6 57. Rh7+ Kxh7 1/2-1/2

[Event "Hvar Arsenal blitz op"]
[Site "Hvar"]
[Date "2022.10.11"]
[Round "7"]
[White "Arlavi, Sara"]
[Black "Mimica, Ivan"]
[Result "0-1"]
[WhiteElo "1548"]
[BlackElo "1368"]
[PlyCount "80"]
[EventDate "2022.10.11"]
[EventType "swiss (blitz)"]
[EventRounds "11"]
[EventCountry "CRO"]
[SourceTitle "CBM 210 Extra"]
[Source "ChessBase"]
[SourceDate "2022.11.30"]
[SourceVersion "1"]
[SourceVersionDate "2022.11.30"]
[SourceQuality "1"]

1. e4 e5 2. Nf3 Nc6 3. Bb5 Bc5 4. 0-0 d6 5. c3 a6 6. Ba4 Nf6 7. d3 b5 8. Bc2 h5 9. h3 Bg4 10. hxg4 hxg4 11. Nh2 g3 12. Ng4 Nxg4 13. Qxg4 gxf2+ 14. Rxf2 Qf6 15. d4 Rh4 16. Rxf6 Rxg4 17. Rf3 exd4 18. Kh2 0-0-0 19. cxd4 Rh8+ 20. Rh3 Rxh3+ 21. gxh3 Nxd4 22. hxg4 Nxc2 23. Nc3 Nxa1 24. Nd5 Nc2 25. Kg3 Kd7 26. a3 Nd4 27. b4 Bb6 28. Kg2 a5 29. bxa5 Bxa5 30. Nb4 Bxb4 31. axb4 Nc2 32. Bd2 c5 33. bxc5 dxc5 34. Bc3 f6 35. g5 fxg5 36. Bxg7 b4 37. Kg3 c4 38. Bb2 c3 39. Bc1 b3 40. Kg4 b2 0-1

[Event "Hvar Arsenal blitz op"]
[Site "Hvar"]
[Date "2022.10.11"]
[Round "4"]
[White "Sevelj, Berislav"]
[Black "Arlavi, Sara"]
[Result "1-0"]
[WhiteElo "1719"]
[BlackElo "1548"]
[PlyCount "151"]
[EventDate "2022.10.11"]
[EventType "swiss (blitz)"]
[EventRounds "11"]
[EventCountry "CRO"]
[SourceTitle "CBM 210 Extra"]
[Source "ChessBase"]
[SourceDate "2022.11.30"]
[SourceVersion "1"]
[SourceVersionDate "2022.11.30"]
[SourceQuality "1"]

1. e4 c5 2. Nf3 d6 3. d4 cxd4 4. Nxd4 Nf6 5. Bd3 a6 6. 0-0 e5 7. Nb3 b5 8. c4 bxc4 9. Bxc4 Bb7 10. f3 Be7 11. Nc3 Nbd7 12. Be3 Nb6 13. Bd5 Nbxd5 14. Nxd5 Nxd5 15. exd5 0-0 16. Rc1 Rc8 17. Qd3 Qd7 18. Rcd1 f5 19. Rc1 f4 20. Bf2 Rxc1 21. Rxc1 Rc8 22. h3 Rxc1+ 23. Nxc1 Qb5 24. Qxb5 axb5 25. Ne2 Bxd5 26. b3 g5 27. Nc3 Bc6 28. Ne4 Kf7 29. Kf1 Ke6 30. Ke2 d5 31. Nc3 d4 32. Ne4 h6 33. Kd3 Bb4 34. h4 gxh4 35. Bxh4 Be7 36. Be1 h5 37. Bf2 Bd7 38. g3 fxg3 39. Bxg3 h4 40. Bh2 h3 41. Nf2 Kf5 42. Nxh3 Kg6 43. Nf2 Kh5 44. Ng4 Bd6 45. Nf6+ Kh4 46. Nxd7 Kh3 47. Bg1 Kg2 48. Bxd4 exd4 49. Kxd4 Kxf3 50. Nc5 Ke2 51. Nb7 Bf8 52. Kc3 Kd1 53. Kb2 Kd2 54. a3 Kd3 55. Na5 Kd2 56. Nc6 Kd3 57. Na7 Bg7+ 58. Ka2 b4 59. axb4 Kc3 60. Ka3 Bf8 61. Nc6 Kc2 62. Nd4+ Kc3 63. Nb5+ Kc2 64. Nc7 Kc3 65. Nd5+ Kd4 66. Nb6 Kc3 67. Nd5+ Kd4 68. Nf4 Kc3 69. Nd5+ Kd4 70. Nb6 Kc3 71. Nd5+ Kd4 72. Nc7 Kc3 73. Na6 Bd6 74. Ka4 Bf4 75. b5 Bd6 76. b6 1-0

[Event "CRO-chT U18"]
[Site "Cakovec"]
[Date "2019.12.28"]
[Round "3.4"]
[White "Bedic, Noemi"]
[Black "Arlavi, Sara"]
[Result "1-0"]
[WhiteElo "1583"]
[BlackElo "1565"]
[PlyCount "49"]
[EventDate "2019.12.27"]
[EventType "team-tourn"]
[EventRounds "7"]
[EventCountry "CRO"]
[SourceTitle "CBM 194 Extra"]
[Source "ChessBase"]
[SourceDate "2020.03.31"]
[SourceVersion "1"]
[SourceVersionDate "2020.03.31"]
[SourceQuality "1"]

1. e4 c5 2. Nc3 d6 3. f4 Nf6 4. Nf3 e6 5. Bb5+ Bd7 6. Bc4 a6 7. a4 Be7 8. 0-0 0-0 9. d3 Bc6 10. Bb3 Nbd7 11. Qe1 d5 12. e5 Ne8 13. a5 b5 14. axb6 Qxb6 15. Kh1 Nc7 16. Nd1 Rfc8 17. Ne3 a5 18. f5 exf5 19. Nxf5 Bf8 20. Qg3 Kh8 21. Ng5 h6 22. Nxf7+ Kh7 23. Nh4 Bb7 24. Nd6 g5 25. Rf7+ 1-0

[Event "CRO-chT U18"]
[Site "Cakovec"]
[Date "2019.12.27"]
[Round "1.4"]
[White "Arlavi, Sara"]
[Black "Kostic, Josip"]
[Result "1-0"]
[WhiteElo "1565"]
[BlackElo "1536"]
[PlyCount "117"]
[EventDate "2019.12.27"]
[EventType "team-tourn"]
[EventRounds "7"]
[EventCountry "CRO"]
[SourceTitle "CBM 194 Extra"]
[Source "ChessBase"]
[SourceDate "2020.03.31"]
[SourceVersion "1"]
[SourceVersionDate "2020.03.31"]
[SourceQuality "1"]

1. e4 e5 2. Nf3 Nc6 3. Bb5 Bc5 4. c3 d6 5. h3 Bd7 6. 0-0 Nge7 7. d3 Ng6 8. Bg5 Qc8 9. Be3 Bb6 10. Nbd2 0-0 11. Kh2 Be6 12. Ng1 f5 13. Ndf3 f4 14. Bxb6 axb6 15. d4 Bd7 16. Bc4+ Kh8 17. Ng5 Qe8 18. Qh5 h6 19. N1f3 Na5 20. Bf7 Rxf7 21. Qxg6 hxg5 22. Nxg5 Kg8 23. dxe5 dxe5 24. Rad1 Rd8 25. h4 Nc6 26. h5 Rf6 27. Qh7+ Kf8 28. Qh8+ Ke7 29. Qxg7+ Rf7 30. Nxf7 Qxf7 31. Qxf7+ Kxf7 32. g3 Bg4 33. Rxd8 Nxd8 34. gxf4 exf4 35. f3 Bxh5 36. Rd1 Ke7 37. Kg2 c6 38. Rh1 Bf7 39. Rh4 Ne6 40. a3 b5 41. Kh3 Kd7 42. Kg4 Ke7 43. Kf5 Nc5 44. Kxf4 Nd3+ 45. Kf5 Nxb2 46. Rh7 Nc4 47. e5 Ne3+ 48. Ke4 Nd5 49. f4 Kf8 50. f5 Nxc3+ 51. Kd4 Nb1 52. e6 Bxe6 53. fxe6 Nxa3 54. Rxb7 Nc4 55. Rc7 Na5 56. Kc5 Nb3+ 57. Kxc6 Nd4+ 58. Kd7 Nf5 59. Rc8+ 1-0

[Event "CRO-ch U15 Girls"]
[Site "Trogir"]
[Date "2018.06.18"]
[Round "5"]
[White "Arlavi, Sara"]
[Black "Fiskus, Eva"]
[Result "1-0"]
[WhiteElo "1370"]
[BlackElo "1276"]
[PlyCount "57"]
[EventDate "2018.06.16"]
[EventType "swiss"]
[EventRounds "9"]
[EventCountry "CRO"]
[SourceTitle "EXT 2019"]
[Source "ChessBase"]
[SourceDate "2018.10.10"]
[SourceVersion "1"]
[SourceVersionDate "2018.10.10"]
[SourceQuality "1"]

1. e4 e5 2. Nf3 Nc6 3. Bb5 d6 4. h3 Bd7 5. 0-0 Nf6 6. Re1 Be7 7. c3 a6 8. Ba4 b5 9. Bc2 0-0 10. d3 h6 11. Nbd2 Be6 12. Nf1 Nd7 13. d4 exd4 14. cxd4 d5 15. Be3 f6 16. Ng3 Nb4 17. Bb3 c5 18. dxc5 Nxc5 19. Bxc5 Bxc5 20. a3 Qb6 21. Re2 Rfd8 22. Rd2 Nc6 23. exd5 Bd6 24. dxe6 Bxg3 25. e7+ Kh7 26. exd8Q Rxd8 27. Qc2+ g6 28. Rxd8 Nxd8 29. Re1 1-0